000
00208 a2200097 4500
001
41204
100
_a
Davis, F
245
_a
The persians mystics
260
_a
Lahore
_b
SH M Ashraf
_c
090
_c
25425
_d
25425
942
_a
NUST-CAE
_c
M
_c
17142
999
_c
276277
_d
276277